000 00646nam a2200181 i 4500
001 23450
003 ES-MaACL
005 20230906152855.0
007 t|
008 021210s1971 sp ||||1| spa d
100 1 _aAlvarez Gutiérrez, Luis.
_920837
245 1 3 _aEl movimiento reformador de la observancia en la Provincia Agustiniana de España /
_cLuis Alvarez Gutiérrez.
260 _aMadrid :
_bUniversidad de Madrid, Facultad de Filosofía y Letras,
_c1971.
300 _a56 p. ;
_c19 cm.
502 _aTesis doctoral.
710 2 _aUniversidad de Madrid.
_bFacultad de Filosofía y Letras.
_97214
852 _aES-MaACL
_jC-50571
_bR.79293
999 _c23450
_d23450